Представление документа в формате MARC21

Поле Инд. ПП Название Значение
Тип записи a
Библиографический уровень b
001 Контрольный номер RU/IS/BASE/126702153
005 Дата корректировки 20200610181724.5
084 a Индекс другой классификации/Индекс ББК 60.524.258; 67.51; 60.561.4
100 1_ a Автор Васильев В. С.
245 a Заглавие Причины социальной детерминации преступности в российском обществе
504 a Библиография Библиогр. ссылки
650 a Основная рубрика криминология
a Основная рубрика право
a Основная рубрика социология
a Основная рубрика социология права
653 a Ключевые слова криминализация общества
a Ключевые слова криминогенная обстановка
a Ключевые слова общественные отношения
a Ключевые слова организованная преступность
a Ключевые слова преступное поведение
a Ключевые слова преступность
a Ключевые слова российское общество
a Ключевые слова Россия
a Ключевые слова рост преступности
a Ключевые слова социально-экономические отношения
a Ключевые слова социальные факторы преступности
a Ключевые слова экономические факторы преступности
773 t Заглавие источника Вестник Московского университета. Серия 18, Социология и политология
d Дата издания источника 2003
g Прочая информация № 3. - С. 62 - 74
w Контрольный № источника RU/IS/BASE/121270811
901 t Тип документа b